Government by Definition Quiz Stats

 Plays Quiz Updated Jul 2, 2018

Score 0/14 Timer 08:00
1 Play Today
Definition % Correct
A system of government in which the state plans and controls the economy and a single - often authoritarian - party holds power...a classless society.Communist
90.8%
A condition of lawlessness or political disorder brought about by the absence of governmental authority. Anarchy
90.7%
A government in which the supreme power is lodged in the hands of a [leader] who reigns over a state or territory, usually for life and by hereditary right...Monarchy
68.7%
A government in which control is exercised by a small group of individuals whose authority generally is based on wealth or power. Oligarchy
55.7%
A form of government in which a ruler or small clique wield absolute power (not restricted by a constitution or laws). Dictatorship
54.5%
A system of government in which a [leader] is guided by a [document] whereby his/her rights, duties, and responsibilities are spelled out in written law or by custom.Constitutional Monarchy
49.2%
A state in which the supreme power rests in the body of citizens entitled to vote for officers and representatives responsible to them. Democratic Republic
33.5%
Definition % Correct
A form of government in which sovereign power is formally divided - usually by means of a constitution - between a central authority and a number of constituent regionsFederation
32.5%
A union by compact or treaty between states, provinces, or territories, that creates a central government with limited powers; the constituent entities retain supreme authorityConfederation
31.2%
Similar to a monarchy or sultanate, but a government in which the supreme power is in the hands of...the ruler of a Muslim state...Emirate
22%
...the legislature selects the government - a prime minister, premier, or chancellor along with the cabinet ministers - according to party strength as expressed in elections...Parliamentary Democracy
19.2%
...the powers of the central government are restricted and in which the component parts retain a degree of self-government; ultimate sovereign power rests with the voters...Federal Republic
17.2%
A particular form of government adopted by some Muslim states; ...in theory, a theocracy, it remains a republic, but its laws are required to be compatible with [religious] laws.Islamic Republic
15.7%
A government administrated by a church. Ecclesiastical
5.5%

You're not logged in!

Compare scores with friends on all Sporcle quizzes.
OR
Log In

Show Comments

Extras

Top Quizzes Today


Score Distribution

Your Account Isn't Verified!

In order to create a playlist on Sporcle, you need to verify the email address you used during registration. Go to your Sporcle Settings to finish the process.

Report this User

Report this user for behavior that violates our Community Guidelines.

Details: